[Event "WC-2015-Q-00012"]
[Site "LSS email"]
[Date "2012.09.11"]
[Round "?"]
[White "Borisovs, Leonids"]
[Black "Evans, Gordon R"]
[Result "0-1"]
[WhiteElo "2169"]
[BlackElo "2228"]
[PlyCount "68"]
[EventDate "2012.09.17"]
[EventType "tourn (corr)"]
[EventRounds "10"]
[EventCountry "GER"]
[SourceTitle "Telechess CBM 161"]
[Source "ChessBase"]
[SourceDate "2014.07.16"]
[SourceVersion "1"]
[SourceVersionDate "2014.07.16"]
[SourceQuality "1"]

1. Nf3 Nf6 2. c4 g6 3. Nc3 Bg7 4. e4 d6 5. d4 0-0 6. Be2 e5 7. 0-0 Nc6 8. d5 Ne7 9. Ne1 Nd7 10. Be3 f5 11. f3 f4 12. Bf2 g5 13. Nd3 Nf6 14. c5 Ng6 15. Rc1 Rf7 16. Kh1 Bf8 17. a4 h5 18. a5 g4 19. cxd6 cxd6 20. Ra1 g3 21. hxg3 fxg3 22. Bxg3 h4 23. Bh2 Nh5 24. Qe1 Ngf4 25. Nxf4 exf4 26. Rf2 Bg7 27. Qd2 h3 28. Kg1 Be5 29. Bf1 Ng3 30. gxh3 Rg7 31. Bg2 Bxh3 32. Rd1 Qh4 33. a6 Kh7 34. axb7 Rag8 0-1

[Event "WC-2015-Q-00012"]
[Site "LSS email"]
[Date "2012.09.11"]
[Round "?"]
[White "Evans, Gordon R"]
[Black "Gasanov, Engels G"]
[Result "1/2-1/2"]
[WhiteElo "2228"]
[BlackElo "2138"]
[PlyCount "70"]
[EventDate "2012.09.17"]
[EventType "tourn (corr)"]
[EventRounds "10"]
[EventCountry "GER"]
[SourceTitle "Telechess CBM 161"]
[Source "ChessBase"]
[SourceDate "2014.07.16"]
[SourceVersion "1"]
[SourceVersionDate "2014.07.16"]
[SourceQuality "1"]

1. d4 Nf6 2. c4 g6 3. g3 Bg7 4. Bg2 0-0 5. Nc3 d6 6. Nf3 Nc6 7. 0-0 a6 8. h3 Bd7 9. e4 e5 10. dxe5 dxe5 11. Be3 Be6 12. Qa4 b5 13. cxb5 axb5 14. Qxb5 Nd4 15. Qxe5 Nd5 16. Qxg7+ Kxg7 17. Bxd4+ Nf6 18. Rfd1 Qe7 19. Ne5 c5 20. Nc6 Qe8 21. Bxc5 Qxc6 22. Bxf8+ Rxf8 23. e5 Qb6 24. exf6+ Kxf6 25. Rd2 Kg7 26. Rad1 Rc8 27. a3 Qa5 28. h4 h5 29. Bd5 Bg4 30. f3 Bf5 31. Kg2 Re8 32. Bc6 Rb8 33. Be4 Be6 34. Bd5 Bxd5 35. Nxd5 Qc5 1/2-1/2

[Event "WC-2015-Q-00012"]
[Site "LSS email"]
[Date "2012.09.11"]
[Round "?"]
[White "Evans, Gordon R"]
[Black "Jandek, Stefan"]
[Result "1/2-1/2"]
[WhiteElo "2228"]
[BlackElo "2349"]
[PlyCount "46"]
[EventDate "2012.09.17"]
[EventType "tourn (corr)"]
[EventRounds "10"]
[EventCountry "GER"]
[SourceTitle "Telechess CBM 161"]
[Source "ChessBase"]
[SourceDate "2014.07.16"]
[SourceVersion "1"]
[SourceVersionDate "2014.07.16"]
[SourceQuality "1"]

1. d4 Nf6 2. c4 e6 3. g3 d5 4. Bg2 a6 5. Nf3 dxc4 6. 0-0 Nc6 7. e3 Bd7 8. Nc3 Bd6 9. Qe2 b5 10. e4 Be7 11. Rd1 0-0 12. Bf4 Qc8 13. Ne1 b4 14. e5 bxc3 15. exf6 Bxf6 16. bxc3 Rb8 17. Qxc4 e5 18. Bxc6 exf4 19. Bxd7 Qxd7 20. Nd3 fxg3 21. hxg3 h5 22. Nc5 Qg4 23. Qxa6 h4 1/2-1/2

[Event "WC-2015-Q-00012"]
[Site "LSS email"]
[Date "2012.09.11"]
[Round "?"]
[White "Jandek, Stefan"]
[Black "Evans, Gordon R"]
[Result "1/2-1/2"]
[WhiteElo "2349"]
[BlackElo "2228"]
[PlyCount "51"]
[EventDate "2012.09.17"]
[EventType "tourn (corr)"]
[EventRounds "10"]
[EventCountry "GER"]
[SourceTitle "Telechess CBM 161"]
[Source "ChessBase"]
[SourceDate "2014.07.16"]
[SourceVersion "1"]
[SourceVersionDate "2014.07.16"]
[SourceQuality "1"]

1. e4 c6 2. d4 d5 3. e5 Bf5 4. Nf3 e6 5. Be2 c5 6. Be3 cxd4 7. Nxd4 Ne7 8. Nc3 Bg6 9. h4 h6 10. h5 Bh7 11. Bd3 Bxd3 12. cxd3 Nec6 13. Nxc6 Nxc6 14. d4 Bb4 15. Qg4 Kf8 16. Rc1 Rc8 17. 0-0 Kg8 18. a3 Bxc3 19. Rxc3 Kh7 20. Bd2 Qb6 21. Rg3 Rhg8 22. Bc3 Kh8 23. Qf4 Rgf8 24. Rd1 a5 25. Rdd3 Ne7 26. Rxg7 1/2-1/2